Normal view MARC view
  • PHARMACY

Entry Topical Term

Number of records used in: 33

001 - CONTROL NUMBER

  • control field: 7472

003 - CONTROL NUMBER IDENTIFIER

  • control field: OSt

005 - DATE AND TIME OF LATEST TRANSACTION

  • control field: 20230117120453.0

008 - FIXED-LENGTH DATA ELEMENTS

  • fixed length control field: 230117|| aca||aabn | a|a d

040 ## - CATALOGING SOURCE

  • Original cataloging agency: OSt
  • Transcribing agency: OSt

150 ## - HEADING--TOPICAL TERM

  • Topical term or geographic name as entry element: PHARMACY
  • General subdivision: B.PHARMA & D.PHARMA

670 ## - SOURCE DATA FOUND

  • Source citation: Work cat.: (OSt)7537: SHARMA, H.L. AND SHARMA, K.K. 6472, PRINCIPLES OF PHARMACOLOGY